000 00355nam a2200145Ia 4500
008 220204s9999 xx 000 0 und d
082 _a543
_bPIE
100 _aFrank, Clyde W
245 0 _aAnalytical chemistry
250 _aEd.2
260 _aNew York
_bAcademic
_c1979
650 _aAnalytical chemistry
700 _aPietrzyk, Donald J
942 _cBK
999 _c31930
_d31930